The Protestant ethic and the spirit of capitalism
Αποθηκεύτηκε σε:
| Κύριος συγγραφέας: | |
|---|---|
| Άλλοι συγγραφείς: | |
| Μορφή: | Βιβλίο |
| Γλώσσα: | English German |
| Δημοσίευση: |
London :
Routledge,
c1997.
|
| Θέματα: | |
| Ετικέτες: |
Προσθήκη ετικέτας
Δεν υπάρχουν, Καταχωρήστε ετικέτα πρώτοι!
|
MARC
| LEADER | 00000cam a2200000 i 4500 | ||
|---|---|---|---|
| 001 | 1/92531 | ||
| 008 | 991115s1997 enk| ||| |||| ||eng|| | ||
| 020 | |a 0415084342 | ||
| 035 | |l 10054083 | ||
| 040 | |a GR-MyUA |b gre |e AACR2 | ||
| 041 | 1 | |a eng |h ger | |
| 082 | 0 | |a 306.6 | |
| 100 | 1 | |a Weber, Max, |d 1864-1920. | |
| 245 | 1 | 4 | |a The Protestant ethic and the spirit of capitalism / |c Max Weber ; translated by Talcott Parsons ; introduction by Anthony Giddens. |
| 260 | |a London : |b Routledge, |c c1997. | ||
| 300 | |a 292 σ. | ||
| 500 | |a Τίτλος πρωτοτύπου: Protestantische ethik und der geist des kapitalismus. | ||
| 504 | |a Περιέχει βιβλιογραφικές αναφορές και ευρετήριο. | ||
| 650 | 0 | 0 | |a Religion and sociology. |
| 650 | 0 | 0 | |a Christian ethics. |
| 650 | 0 | 0 | |a Capitalism |x Religious aspects |x Protestant churches. |
| 700 | 1 | |a Parsons, Talcott, |d 1902-1979, |e trl | |
| 852 | |a INST |b LESVOS |e 19991115 |h 306.6 WEB |p 005100021849 |q 005100021849 |t BK |y 0 | ||
| 901 | |a BIBL1-2000-1 | ||
| 909 | |a Λ |b 066794 | ||
| 922 | |a 1ΕΛΗ |b 199907 |c ΚΠΣ/ΤΚ |d ΠΑΠΑΣΩΤΗΡΙΟΥ | ||
| 950 | |a 103-1998-07-27 | ||
| 970 | |a ΤΖΑΦΕΡΗ |b ΕΥΑΓΓΕΛΙΑ |z 2000/02/07 | ||